[Event "ISR-chT 2018"]
[Site "Israel"]
[Date "2018.02.16"]
[Round "7"]
[White "Cohen Revivo, Shoham"]
[Black "Greenfeld, Alon"]
[Result "1/2-1/2"]
[WhiteElo "2197"]
[BlackElo "2520"]
[Annotator "TA"]
[PlyCount "91"]
[EventDate "2018.??.??"]
[EventType "team-tourn"]
[EventCountry "ISR"]
[SourceTitle "playchess.com"]
[Source "ChessBase"]
[SourceQuality "1"]

{[%evp 20,91,1,-31,-14,-47,-47,-48,-25,-56,-47,-48,-36,-65,-52,-77,-77,-77,-50,-76,-68,-97,-66,-77,-69,-146,-136,-120,-59,-66,-22,-12,-1,-4,-21,-101,0,-22,8,-47,218,229,399,134,215,223,222,119,81,16,20,12,106,0,0,0,0,0,0,0,0,-479,90,106,606,606,606,600,544,60,55,57,52,2]} 1. e4 c5 2. Nf3 g6 3. g3 Bg7 4. Bg2 Nf6 5. d3 Nc6 6. Nc3 O-O 7. O-O d6 8. h3 Rb8 9. Be3 b5 {[%cal Bb7b5,Bb5b4][%mdl 32]} 10. Qd2 b4 11. Ne2 Re8 {B25: Closed Sicilian: 3 g3, lines without early Be3} 12. g4 h5 $146 ({Predecessor:} 12... Nd7 13. Rab1 Qa5 14. a3 bxa3 15. Qxa5 Nxa5 16. bxa3 Ba6 17. Bd2 Nc6 18. Bc3 {1-0 (40) Weindl,A (2331)-Burschowsky,M (2208) Austria 2015}) 13. g5 Nd7 {Black is slightly better.} 14. c3 bxc3 15. bxc3 Ba6 16. Ne1 Qa5 17. Rc1 Rb6 $36 {[%mdl 2048] Black has strong initiative.} 18. f4 Reb8 $1 19. Rc2 Bb5 20. Rb2 Ba4 21. Rxb6 Qxb6 22. d4 (22. e5 $15) 22... Qb2 $17 23. Nf3 Na5 ({Black should try} 23... Qa3 $1 $17 {aiming for ...Rb2.} 24. Qe1 cxd4 25. Nexd4 e5 26. fxe5 dxe5 27. Nxc6 Bxc6) 24. Qe1 $15 Nc4 25. Bc1 $1 {[%cal Rc1b2]} Qxa2 26. f5 Nf8 27. Nh4 (27. dxc5 $11 dxc5 28. Nf4) 27... Kh7 ({Better is} 27... Rb1 $17 {And now ...Ne3! would win.} 28. Qf2 (28. fxg6 fxg6 29. Qf2 Be8 $17) 28... Be8) 28. fxg6+ $11 fxg6 29. Rf7 (29. Nf5 $11) 29... Nb2 $2 {[%mdl 8192]} (29... Ne5 $15 {stays ahead.} 30. Rxg7+ (30. Rxe7 Nc6 $15) 30... Kxg7 31. dxe5 dxe5) 30. Rxe7 $18 Bb5 $2 (30... Nd3 31. Qf1 Kg8) 31. Bxb2 $2 (31. Qf2 $18 {has better winning chances. Threatens to win with Qf6.} Bxe2 32. Qxe2) 31... Bxe2 (31... Qxb2 $16 32. Nf5 Kh8) 32. Qxe2 Qxb2 33. Qxb2 ({Only move:} 33. Qf3 $1 $18 {[%cal Rf3f7]} Qc1+ 34. Kh2 Qxg5 35. Qf7) 33... Rxb2 $16 34. Rxa7 (34. dxc5 $16 dxc5 35. Nf5 (35. Rxa7 Ne6 $11) 35... gxf5 36. exf5) 34... Ne6 $11 35. Nf3 Rc2 {[#]} (35... Kg8 $11 {remains equal.}) 36. e5 (36. d5 $1 $16 {[%cal Rd5e6]} Nf4 37. Bf1) 36... dxe5 37. Nxe5 Rxc3 38. d5 {[%cal Bd4d5,Bd5d6,Bd6d7][%mdl 32]} Nf4 {Strongly threatening ...Rg3.} 39. d6 {Black must now prevent d7.} Rg3 40. Kf2 $2 {[%mdl 8192]} (40. Kh1 $1 $11 {and White is okay.} Rxg2 {[#]} 41. Nd3 $1 {[%mdl 512]}) 40... Rxg5 $2 (40... Rxg2+ $19 41. Kf3 Rxg5) 41. d7 $16 Rxg2+ $4 {[%mdl 8192]} (41... Ne6 $16 42. Nc6 Rf5+ 43. Ke2 Rf8) 42. Kf3 $18 Rd2 43. Kxf4 c4 44. Nxc4 $2 (44. Ke4 $18) 44... Rd4+ $14 45. Kf3 Kh6 46. Na5 {Precision: White = 28%, Black = 41%.} 1/2-1/2

[Event "ISR-chT 2018"]
[Site "Israel"]
[Date "2018.02.16"]
[Round "7"]
[White "Philosoph, Assi"]
[Black "Galburd, Yan"]
[Result "1/2-1/2"]
[WhiteElo "2147"]
[BlackElo "2338"]
[Annotator "TA"]
[PlyCount "135"]
[EventDate "2018.??.??"]
[EventType "team-tourn"]
[EventCountry "ISR"]
[SourceTitle "playchess.com"]
[Source "ChessBase"]
[SourceQuality "1"]

{[%evp 14,135,57,38,85,79,92,97,103,101,108,77,77,105,94,75,71,33,62,10,10,8,11,8,13,14,12,15,16,-1,0,0,-2,-12,58,36,26,30,25,22,82,64,85,81,82,37,48,41,43,32,96,-15,-7,-5,-14,-14,0,0,0,0,0,0,17,0,0,0,0,0,0,0,5,0,0,0,0,0,0,0,0,0,0,0,0,0,0,0,0,0,0,0,0,0,0,0,0,0,0,0,0,0,0,0,0,0,0,0,4,4,5,4,5,5,5,0,5,5,5,5,5,0,0,0,0,0]} 1. d4 Nf6 2. c4 g6 3. Nc3 Bg7 4. e4 O-O 5. Bd3 d6 6. Nge2 a6 7. O-O c5 8. d5 b5 {E70: King's Indian: Miscellaneous lines with 4 e4, including 5 Nge2 and 5 Bd3 0-0 6 Nge2} 9. cxb5 (9. a4 bxc4 10. Bxc4 Nbd7 11. f4 Rb8 12. Kh1 Rb4 13. Bd3 Nb6 14. Rb1 e6 15. dxe6 Bxe6 16. b3 {½-½ (57) Padeiro,J (2354)-Skoberne,J (2552) Istanbul 2012}) 9... axb5 10. Nxb5 Qb6 $146 {White is better.} ({Predecessor:} 10... Ba6 11. Nec3 Nfd7 12. Qc2 Ne5 13. Be2 c4 14. Be3 Nbd7 15. f4 {1-0 (39) Ankerst,M (2270)-Mali,S (2225) Bled 1995}) 11. Nec3 Na6 12. Na3 Nd7 13. Nc4 Qa7 14. Bf4 Nb6 15. a3 Nc7 16. Qe2 (16. Ne3 $14) 16... Ba6 $11 17. Rab1 Nxc4 18. Bxc4 Bxc4 19. Qxc4 Qa6 20. Qxa6 Rxa6 21. e5 $36 {[%mdl 2048] White has good play.} dxe5 22. Be3 c4 23. Bc5 Bf6 (23... Re8 $11) 24. Rfd1 Rd8 25. g3 Kg7 26. h4 Rc8 (26... h5 $11 {keeps the balance.}) 27. Bb4 Raa8 28. Ne4 Rd8 29. Rbc1 Nxd5 30. Rxc4 e6 31. Rdc1 Rdb8 {[#]} (31... Nxb4 $14 32. Rxb4 Ra7) 32. Kg2 (32. Bd6 $1 $16) 32... Nxb4 {The position is equal.} 33. Rxb4 Rxb4 34. axb4 {[%mdl 4096] Endgame KRB-KRN} Be7 35. Rc7 Kf8 $1 36. Rb7 Rc8 37. b3 Ke8 38. g4 f5 39. Nc5 Bxc5 40. bxc5 Rxc5 41. Rxh7 {KR-KR} Rb5 42. Rg7 fxg4 43. Rxg6 Kf7 44. Rxg4 {aiming for b4.} Rxb3 45. h5 Rb8 46. Kf3 Rb3+ 47. Kg2 Rb8 48. Rh4 Kg7 49. Kf3 Rb3+ 50. Kg2 Kh6 51. Rh2 Ra3 52. Kf1 Ra2 53. Rh3 Rb2 54. Kg2 Ra2 55. Re3 Ra5 56. Rh3 e4 57. Rh4 Re5 58. Kg3 e3 59. fxe3 Rxe3+ 60. Kf4 Re1 61. Rh3 Rf1+ 62. Ke5 Re1+ 63. Kf4 e5+ 64. Kf5 e4 65. Kf4 e3 66. Rxe3 Rxe3 67. Kxe3 Kxh5 68. Kd4 {Precision: White = 49%, Black = 63%.} 1/2-1/2

[Event "ISR-chT 2018"]
[Site "Israel"]
[Date "2018.02.16"]
[Round "7"]
[White "Moskovich, Daniel"]
[Black "Huzman, Alexander"]
[Result "0-1"]
[WhiteElo "2146"]
[BlackElo "2564"]
[Annotator "TA"]
[PlyCount "81"]
[EventDate "2018.??.??"]
[EventType "team-tourn"]
[EventCountry "ISR"]
[SourceTitle "playchess.com"]
[Source "ChessBase"]
[SourceQuality "1"]

{[%evp 19,81,-4,14,0,3,1,8,-8,-4,-8,-19,-56,-56,-66,-61,-60,-49,-97,-91,-113,-121,-141,-141,-139,-129,-135,-122,-196,-186,-195,-195,-195,-175,-170,-179,-181,-171,-266,-271,-266,-264,-267,-257,-260,-258,-296,-296,-386,-372,-681,-656,-586,-447,-708,-701,-662,-656,-1348,-630,-548,-510,-2045,-592,-29987]} 1. d4 Nf6 2. Nf3 d5 3. g3 c6 4. Bg2 Bf5 5. O-O e6 6. b3 Nbd7 7. c4 Be7 8. Bb2 O-O 9. Nbd2 h6 10. Ne5 Bh7 {LiveBook: 7 Games. D11: Slav Defence: 3 Nf3 sidelines and 3...Nf6 4 e3 Bg4} 11. Ndf3 Be4 12. e3 $146 ({Find the theoretical novelty and annotate with similar games:} 12. Qd2 a5 13. a3 Qb6 14. Qc3 Rfd8 15. Nxd7 Nxd7 16. c5 Qa6 17. Rfe1 b6 18. b4 bxc5 19. bxc5 {0-1 (27) Filippas Ntekouan,S (2240)-Rusev,K (2508) Nikea 2008}) 12... a5 {The position is equal.} 13. c5 Bxf3 14. Nxf3 (14. Qxf3 Nxe5 15. dxe5 Nd7 $17) 14... b6 15. Ne5 Nxe5 16. dxe5 Nd7 17. cxb6 Qxb6 18. e4 {[#]} a4 $1 {[%mdl 512]} 19. Rb1 (19. bxa4 Qxb2) 19... axb3 20. axb3 Rfb8 21. Bd4 Bc5 22. Bxc5 Qxc5 23. Re1 (23. Qc1 $17 {was necessary.}) 23... Ra2 $19 24. Re2 Rxe2 25. Qxe2 Qd4 26. Rd1 Qxe5 27. Qc2 Nf6 {[%cal Rf6e4]} 28. f4 (28. exd5 $142 cxd5 29. h4) 28... Qc7 29. exd5 Qb6+ ({Much less strong is} 29... exd5 30. Bf3 $17) (29... Nxd5 30. Rc1 $17) 30. Kh1 Ng4 ({Don't take} 30... exd5 31. Rb1 $19) (30... Nxd5 31. Rc1 $17) 31. Rb1 cxd5 ({Don't do} 31... exd5 32. Bf3 $17) 32. h3 Ne3 33. Qe2 Rc8 {[#] aiming for ...Rc2.} 34. Qd3 $2 (34. Rb2) 34... Nxg2 {Black is clearly winning.} 35. Kxg2 {[%mdl 4096] Endgame KQR-KQR} Qb4 36. f5 (36. Rb2 $142 Rc3 37. Qd2) 36... Rc3 37. Qe2 exf5 {[%cal Be6f5,Bf5f4][%mdl 32]} 38. Ra1 Rxb3 (38... Qxb3 $142 39. Qf1 d4) 39. Ra2 Qe4+ 40. Kf2 (40. Qxe4 $142 fxe4 41. h4) 40... f4 41. Qd1 {Precision: White = 24%, Black = 77%.} 0-1

[Event "ISR-chT 2018"]
[Site "Israel"]
[Date "2018.02.16"]
[Round "7"]
[White "Goikhfis, Ilya"]
[Black "Finkel, Alexander"]
[Result "1-0"]
[WhiteElo "2074"]
[BlackElo "2484"]
[Annotator "TA"]
[PlyCount "83"]
[EventDate "2018.??.??"]
[EventType "team-tourn"]
[EventCountry "ISR"]
[SourceTitle "playchess.com"]
[Source "ChessBase"]
[SourceQuality "1"]

{[%evp 13,82,25,53,35,33,15,55,51,75,-2,0,-8,0,-19,-29,-37,-19,-26,-18,-31,-5,-3,-18,-12,-9,-30,13,0,0,0,37,14,35,45,130,122,127,129,129,117,129,123,122,27,418,379,683,654,1665,1543,29990,606,602,570,854,783,850,811,778,742,650,541,862,840,1052,1075,1019,985,29966,29965,29999]} 1. d4 d6 2. Nf3 g6 3. g3 Bg7 4. Bg2 Nf6 5. O-O O-O 6. c4 c6 7. Nc3 Qa5 8. Bf4 {E62: King's Indian: Fianchetto: 6...c6 and Panno Variation (6...Nc6) without ...a6} (8. e4 e5 9. h3 Nbd7 10. Re1 Re8 11. Be3 exd4 12. Nxd4 Ne5 13. Bf1 Be6 14. Nxe6 Rxe6 15. Kg2 Ned7 16. Qd2 Rae8 17. Rab1 Qc7 18. f3 a6 19. Rbd1 b5 20. cxb5 axb5 21. Ne2 d5 22. Nd4 dxe4 23. Nxe6 exf3+ 24. Kxf3 Rxe6 {1-0 (47) Bacallao Alonso,Y (2605)-Almeida Quintana,O (2526) Havana 2018}) 8... Be6 9. Nd2 Nh5 $146 ({Predecessor:} 9... Qa6 10. d5 cxd5 11. Nxd5 Nxd5 12. cxd5 Bd7 13. Qb3 Qb6 14. Qf3 Na6 15. Nc4 Qd4 {1-0 (48) Becerra,M-Gonzalez,A (1962) Cartago 2011}) 10. Be3 $1 {White is slightly better.} f5 11. f4 ({White should try} 11. d5 $16 Bf7 12. Bg5) 11... Nf6 12. h3 Bf7 13. Bf2 Nbd7 14. d5 Nb6 15. dxc6 bxc6 16. Nb3 Qb4 17. a3 Qxc4 18. Na5 $1 {[%cal Ra5c4]} Qe6 19. Nxc6 Qd7 (19... d5 $5 {[%cal Re6c6]} 20. Bxb6 Qxc6 $15) 20. Rc1 Rac8 21. Nb5 $36 {[%mdl 2048] White has good play.} Ne4 22. Bxe4 $1 ({Much worse is} 22. Nbxa7 Nxf2 23. Kxf2 Ra8 $17) 22... fxe4 23. Nbxa7 Nc4 (23... e3 $14 24. Bxe3 Nd5 25. Nxc8 Nxe3 26. N8xe7+ Kh8) 24. Nxc8 $16 Rxc8 {[#]} 25. Ne5 $1 {[%cal Re5d7]} ({Worse is} 25. Na7 Ra8 $17) 25... Bxe5 26. fxe5 Qxh3 27. exd6 exd6 28. b3 ({White should play} 28. Qd4 $16) 28... e3 $2 {[%mdl 8192]} (28... Rc5 $1 $11 {and Black has nothing to worry.} 29. Rxc4 Rh5 30. Rc8+ Qxc8 31. Qxd6 e3 32. Bxe3 Bd5) 29. Be1 $18 ({Weaker is} 29. bxc4 exf2+ 30. Kxf2 Qh2+ 31. Kf3 g5 $11) 29... Rc5 $2 (29... Nd2 30. Rxc8+ Qxc8) 30. Rxc4 Rd5 31. Qc2 {White threatens Rc8+ and mate.} Rh5 32. Rh4 (32. Rc8+ $142 Be8 33. Qc4+ d5 34. Rxe8+ Kg7 35. Bc3+ Kh6 36. Qf4+ Rg5 {[#]} 37. Bg7+ $1 {[%mdl 512]} Kh5 38. Qf3+ Qg4 39. Qh1+ Qh4 40. Qxh4#) 32... Rxh4 33. gxh4 Bd5 {[%csl Gd5][%cal Rh3h1]} 34. Rf3 $1 {[%cal Rf3h3]} Bxf3 35. exf3 Qxf3 36. Qc8+ Kg7 37. Qc3+ Kh6 38. Qd4 Kh5 39. Qxd6 h6 40. Qg3 {[%cal Rg3f3]} Qe2 41. b4 Qd3 42. Qf3# {Precision: White = 58%, Black = 22%.} 1-0

[Event "ISR-chT 2018"]
[Site "Israel"]
[Date "2018.02.23"]
[Round "9"]
[White "Nabaty, Tamir"]
[Black "Zifroni, Dov"]
[Result "1-0"]
[WhiteElo "2670"]
[BlackElo "2443"]
[Annotator "TA"]
[PlyCount "56"]
[EventDate "2018.??.??"]
[EventType "team-tourn"]
[EventCountry "ISR"]
[SourceTitle "playchess.com"]
[Source "ChessBase"]
[SourceQuality "1"]

{[%evp 12,56,11,13,27,3,0,5,8,8,16,13,0,0,20,19,40,0,0,14,34,26,27,25,24,0,5,5,5,5,11,9,15,11,278,269,283,279,728,716,708,704,2142,2031,2897,2117,29997]} 1. d4 d5 2. Nf3 Nf6 3. Bf4 e6 4. e3 Bd6 5. Bxd6 Qxd6 6. c4 O-O {D02: 1 d4 d5 2 Nf3 sidelines, including 2...Nf6 3 g3 and 2...Nf6 3 Bf4} 7. Nc3 {LiveBook: 13 Games} Nbd7 8. Nb5 Qb4+ {The position is equal.} 9. Qd2 Qxd2+ $1 10. Nxd2 c5 $146 ({Predecessor:} 10... c6 11. Nd6 Ne8 12. Nxe8 Rxe8 13. Rc1 dxc4 14. Nxc4 {0-1 (42) Granda Zuniga,J (2679)-Adly,A (2684) Pavlodar 2015}) 11. dxc5 Nxc5 12. Rc1 dxc4 13. Nxc4 Rd8 14. b4 Na4 15. Be2 Nd5 16. a3 a6 17. Nd4 $1 Bd7 18. Na5 b6 19. Nac6 Bxc6 $1 20. Nxc6 Rd6 21. Bxa6 Nac3 ({Don't blunder} 21... Rxa6 $2 22. Nb8 $18) 22. b5 $1 {[%cal Bb4b5,Bb5a6,Ba6a7][%mdl 32]} Rxa6 $2 {[%mdl 8192] [#]} (22... Kf8 $11) 23. bxa6 $18 Rxc6 24. a7 Nc7 $2 (24... Rc8) 25. Kd2 {White is clearly winning.} Ne4+ 26. Ke2 Rxc1 27. Rxc1 Nc5 {[#]} 28. a4 $1 {[%mdl 512]} N5a6 {Precision: White = 74%, Black = 28%.} (28... Nxa4 29. a8=Q+) 1-0

[Event "ISR-chT 2018"]
[Site "Israel"]
[Date "2018.02.23"]
[Round "9"]
[White "Moiseenko, Alexander"]
[Black "Shachar, Ehud"]
[Result "1-0"]
[WhiteElo "2660"]
[BlackElo "2395"]
[Annotator "TA"]
[PlyCount "57"]
[EventDate "2018.??.??"]
[EventType "team-tourn"]
[EventCountry "ISR"]
[SourceTitle "playchess.com"]
[Source "ChessBase"]
[SourceQuality "1"]

{[%evp 12,57,26,37,65,62,60,57,64,69,168,154,187,166,189,161,183,158,198,209,214,174,229,145,193,161,231,109,94,103,183,121,137,109,213,197,308,308,477,469,580,539,551,506,526,530,481,468]} 1. d4 e6 2. c4 f5 3. Nc3 Nf6 4. Qc2 Bb4 5. e3 b6 6. Bd3 Bb7 7. f3 Nh5 {A85: Dutch Defence: 2 c4 Nf6 3 Nc3} 8. Nge2 Qh4+ 9. g3 Qe7 {White is slightly better.} 10. O-O a5 $146 ({Black should try} 10... O-O $14) ({Predecessor:} 10... Bxc3 11. bxc3 c5 12. d5 Nf6 13. e4 fxe4 14. fxe4 e5 15. g4 {1-0 (68) Sargissian,G (2614)-Iljushin,A (2529) Antalya 2004}) 11. e4 $18 Bxc3 12. bxc3 ({Much less strong is} 12. Nxc3 $6 O-O $16) 12... g6 13. Bh6 Nc6 14. Qd2 Qf7 15. Rab1 Ba6 16. g4 Ng7 (16... Nf6 $142 17. Ng3 (17. exf5 gxf5 18. Ng3 Ne7 $16) 17... Ne7) 17. exf5 gxf5 18. Ng3 Ne7 (18... O-O $142 19. Rfe1 Rae8 20. gxf5 exf5) 19. c5 (19. Rbe1 $18 {is more deadly.}) 19... Bxd3 $16 20. Qxd3 Rb8 (20... bxc5 $16 21. dxc5 Qg6) 21. c4 (21. cxb6 $18 Rxb6 22. Rxb6 cxb6 23. Qb5) 21... Qg6 22. Bf4 $36 {[%mdl 2048] Black is under strong pressure.} Rb7 (22... Rc8 $16 {might work better.}) 23. cxb6 cxb6 {[#]} (23... Rxb6 {was necessary.} 24. Bxc7 Rxb1 25. Rxb1 (25. Qxb1 O-O $16) 25... fxg4 26. Qxg6+ Nxg6 27. fxg4 O-O) 24. c5 $1 $18 O-O (24... b5 {was called for.} 25. Rxb5 Rxb5) 25. Bd6 {White is clearly winning.} Nd5 26. Bxf8 Kxf8 27. cxb6 Rxb6 28. Rxb6 Nxb6 29. Qb5 {Precision: White = 52%, Black = 42%.} 1-0

[Event "ISR-chT 2018"]
[Site "Israel"]
[Date "2018.02.23"]
[Round "9"]
[White "Roiz, Michael"]
[Black "Psakhis, Lev"]
[Result "1-0"]
[WhiteElo "2612"]
[BlackElo "2472"]
[Annotator "TA"]
[PlyCount "82"]
[EventDate "2018.??.??"]
[EventType "team-tourn"]
[EventCountry "ISR"]
[SourceTitle "playchess.com"]
[Source "ChessBase"]
[SourceQuality "1"]

{[%evp 14,82,-12,-24,14,10,22,18,31,39,29,24,27,25,35,19,19,32,19,25,27,19,50,45,52,45,54,40,47,44,65,62,60,57,48,57,56,53,106,114,113,111,165,69,310,317,302,317,347,349,337,326,325,318,406,393,407,406,559,410,375,323,827,809,845,762,805,731,618,410,403]} 1. d4 e6 2. c4 Nf6 3. Nf3 d5 4. Nc3 Bb4 5. g3 O-O 6. Bg2 dxc4 7. O-O Nc6 8. Qa4 {LiveBook: 24 Games. E20: Nimzo-Indian: 4 g3 and 4 f3} Bd7 9. Bg5 Bxc3 $146 ({Find the theoretical novelty and annotate with similar games:} 9... Rb8 10. Rad1 Bxc3 11. bxc3 h6 12. Bxf6 Qxf6 13. Qxc4 Rfc8 14. Nd2 Na5 15. Qb4 b6 {½-½ (67) Matlakov,M (2735)-Tomashevsky,E (2713) St Petersburg 2017}) 10. bxc3 {The position is equal.} Nxd4 11. Qxc4 Nc6 12. Rfd1 Qe7 13. Rab1 Rab8 14. Nd4 h6 15. Be3 {[%cal Rd4c6]} Qe8 16. Nxc6 Bxc6 17. Bxa7 {[#] Strongly threatening Bxc6.} Ra8 18. Bxc6 Qxc6 19. Qxc6 bxc6 20. Rb7 $1 Rfc8 21. c4 Ne4 {And now ...Nd6 would win.} 22. Rd7 Nd6 23. Rbxc7 Rxc7 24. Rxc7 Nxc4 $14 {[%mdl 4096] Endgame KRB-KRN} 25. a4 {[%cal Ba2a4,Ba4a5,Ba5a6][%mdl 32]} Nb2 (25... e5 $14) 26. a5 $16 Nc4 27. a6 ({Reject} 27. Rxc6 $6 Rxa7 28. Rxc4 Rxa5 $11) 27... f6 (27... Na3 $16) 28. g4 (28. Rb7 $18) 28... Na3 $2 (28... e5 $14) 29. Rb7 $18 Kh7 {[#]} 30. Bd4 $1 {[%cal Rd4f6] Black must now prevent Bxf6.} e5 31. Ra7 Rd8 32. Bc5 Nb5 33. Rb7 h5 34. gxh5 Kh6 35. a7 Rd1+ 36. Kg2 Ra1 37. Rb8 Rxa7 $2 (37... Nxa7 38. Ra8 Ra5) 38. Bxa7 Nxa7 39. Rh8+ Kg5 40. Rh7 Nb5 41. Rxg7+ Kxh5 {Precision: White = 76%, Black = 48%.} 1-0

[Event "ISR-chT 2018"]
[Site "Israel"]
[Date "2018.02.23"]
[Round "9"]
[White "Smirin, Ilia"]
[Black "Aharon, Ofir"]
[Result "1-0"]
[WhiteElo "2604"]
[BlackElo "2300"]
[Annotator "TA"]
[PlyCount "81"]
[EventDate "2018.??.??"]
[EventType "team-tourn"]
[EventCountry "ISR"]
[SourceTitle "playchess.com"]
[Source "ChessBase"]
[SourceQuality "1"]

{[%evp 19,81,43,52,44,73,87,77,82,77,69,65,68,81,63,75,55,122,120,202,168,214,181,219,221,215,215,217,213,212,208,248,225,489,296,276,287,383,161,144,109,276,296,454,407,412,340,725,722,649,596,1705,1712,1705,1392,2243,965,2118,1794,1588,1382,29996,29997,29997,29998]} 1. e4 c5 2. Nf3 d6 3. d4 cxd4 4. Nxd4 Nf6 5. Nc3 a6 6. Be2 e5 7. Nb3 Be7 8. Be3 O-O 9. g4 {[%cal Bg2g4,Bg4g5][%mdl 32]} Be6 10. g5 Nfd7 11. h4 {B92: Sicilian Najdorf: 6 Be2} Nb6 12. Qd2 N8d7 13. f4 {White is better.} exf4 14. Bxf4 Ne5 15. O-O-O {[%cal Be1c1,Bc1b1,Bb1b2][%mdl 32]} Rc8 16. Kb1 Nbc4 (16... Qc7 17. h5 Rfe8 18. Ka1 Bf8 {1-0 (37) Carlsen,M (2814)-Nakamura,H (2751) Wijk aan Zee 2011}) 17. Bxc4 Rxc4 (17... Nxc4 $14 18. Qd4 Qc7) 18. Nd4 $16 {[#]} Rb4 $146 (18... Re8 $16 {might work better.}) ({Predecessor:} 18... Qc8 19. Nd5 Bxd5 {0-1 (51) Stellwagen,D (2585)-Vachier Lagrave,M (2573) Wijk aan Zee 2007}) 19. b3 $1 $18 Nc4 20. Qe1 Na3+ 21. Kb2 Qa5 {[#] Black wants to play ...Rc8.} 22. Nd5 $1 {[%mdl 512]} Bxd5 23. exd5 Rc8 (23... Nc4+ $2 24. Ka1 $18) 24. c3 ({Don't go for} 24. Qxe7 $2 Rxd4 $1 {[%mdl 512]} 25. Bd2 (25. Rxd4 $2 Rxc2+ 26. Ka1 Qc3#) 25... Rxd2 $19) 24... Rb6 25. h5 (25. Qxe7 Nc4+ 26. Kc2 Qxa2+ 27. Kd3 Nb2+ 28. Ke3 Nxd1+ 29. Rxd1 Rxc3+ 30. Rd3 Rxd3+ 31. Kxd3 Rxb3+ 32. Nxb3 Qxb3+ 33. Ke2 Qc4+ 34. Ke3 Qc5+ 35. Kf3 Qxd5+ 36. Qe4 Qb3+ 37. Kg2 Qa2+ 38. Kg3 Qb3+ 39. Kg2 Qa2+ 40. Kg3 Qb3+ 41. Kg2 $11) 25... Nb5 $2 (25... Nc4+ 26. Ka1 Ne5) 26. Nxb5 axb5 {[#]} 27. b4 $1 {[%cal Rb4a5]} (27. Qxe7 {leads to mate.} Qxc3+ 28. Kb1 Qc2+ 29. Ka1 Ra6 30. Qd8+ Rxd8 31. a4 Qxb3 32. Rd4 Rda8 33. Rh2 Rxa4+ 34. Rxa4 Rxa4+ 35. Ra2 Rxa2#) 27... Qa8 28. Rh2 (28. Qxe7 $142 {g6 is the strong threat.} Ra6 29. a4) 28... Ra6 29. Kb1 $36 {[%mdl 2048] White is really pushing.} Re8 $2 (29... Rc7 $16) 30. Re2 Kf8 (30... Qc8 {was called for.} 31. Bxd6 (31. Rxe7 Qf5+ 32. Kc1 Qxf4+ 33. Rd2 Rf8 $11) 31... Rxd6 32. Rxe7 Kf8 33. Rxe8+ Qxe8) 31. Rd4 Qc8 32. Kb2 Qf5 $2 (32... f5 33. Kb1 Qc7) 33. a3 Raa8 34. Rde4 Qd7 35. h6 g6 36. Qd2 {Intending Qd4 and mate.} f6 37. Re6 (37. Qd4 $142 Kg8 38. gxf6 Bxf6 39. Qxf6 Rxe4 40. Rxe4) 37... Kf7 38. Qd4 Bf8 {[#]} 39. Bxd6 $1 {[%mdl 512]} Bxd6 40. Qxf6+ Kg8 41. Rxe8+ {Precision: White = 75%, Black = 25%.} 1-0

[Event "ISR-chT 2018"]
[Site "Israel"]
[Date "2018.02.23"]
[Round "9"]
[White "Kogan, Arthur"]
[Black "Kaplan, Sasha"]
[Result "1-0"]
[WhiteElo "2548"]
[BlackElo "2393"]
[Annotator "TA"]
[PlyCount "73"]
[EventDate "2018.??.??"]
[EventType "team-tourn"]
[EventCountry "ISR"]
[SourceTitle "playchess.com"]
[Source "ChessBase"]
[SourceQuality "1"]

{[%evp 9,73,3,15,12,19,3,8,3,6,6,6,0,4,12,25,25,40,34,36,39,56,33,35,9,0,0,0,1,8,-12,-25,-25,0,-14,-5,-64,-56,-71,-42,-43,-36,-35,-36,-45,11,-35,12,33,118,98,152,99,400,394,575,579,582,568,700,700,700,699,699,693,693,670]} 1. d4 d5 2. c4 c6 3. Nc3 Nf6 4. e3 e6 5. b3 b6 (5... Bb4 6. Bd2 Nbd7 7. a3 Be7 8. Nf3 O-O 9. Bd3 b6 10. O-O Bb7 11. Qe2 c5 12. Rfd1 Rc8 13. cxd5 Nxd5 14. Ba6 Nxc3 15. Bxc3 Bxa6 16. Qxa6 cxd4 17. Bxd4 Qc7 18. Qb5 Rfd8 19. a4 {½-½ (19) Kuzubov,Y (2690)-Wang,H (2706) Baile Govora 2017}) 6. Bd3 {D31: Queen's Gambit Declined: Semi-Slav without ...Nf6 (+ Marshall Gambit and Noteboom) and Exchange Variation lines without ...Nf6} Bb7 7. Nge2 Nbd7 8. O-O {The position is equal.} Be7 9. Bb2 $146 ({Predecessor:} 9. f3 Rc8 10. e4 e5 11. cxd5 cxd5 12. dxe5 Nxe5 13. Bb5+ {1-0 (44) Zamora,M (1933)-Avalos,H Resistencia 2018}) 9... O-O 10. Qc2 Qc7 11. Ng3 Rfd8 12. Rad1 Rac8 13. e4 dxe4 14. Ncxe4 h6 15. Rfe1 Nxe4 16. Bxe4 Nf6 17. Bf3 Rd7 18. c5 Rcd8 19. b4 a5 20. a3 Nd5 21. Qc4 Ra8 22. b5 (22. Bxd5 $11 Rxd5 23. Ne4) 22... cxb5 $15 23. Qxb5 Ba6 24. Qa4 Rb8 ({Reject} 24... bxc5 $6 25. dxc5 Rad8 26. c6 $16) 25. Ba1 Rdd8 26. Ne4 Nf6 ({Black should play} 26... Bb7 $15) 27. c6 Nxe4 28. Bxe4 {Hoping for d5.} b5 {[#]} (28... Bf6 $14) 29. Qb3 $1 $16 a4 (29... Bf6 $142) 30. Qf3 (30. Qd3 $142) 30... b4 $2 {[%mdl 8192]} (30... Bf6 $16 {is tougher.}) 31. d5 $18 Bc4 (31... exd5 $142 32. Bxd5 Bf8) 32. Qg4 {[%csl Ga1][%cal Rg4g7] White is clearly winning.} Bf8 {[%cal Re6d5] [#]} 33. Be5 $1 {[%mdl 512]} Qxe5 {[#]} 34. Bh7+ $1 {[%mdl 512]} Kxh7 35. Rxe5 Rxd5 36. Rexd5 Bxd5 37. c7 {Precision: White = 66%, Black = 38%.} 1-0